More aesop's fables: (Record no. 13384)
[ view plain ]
| 000 -LEADER | |
|---|---|
| fixed length control field | 02650nam a22003857a 4500 |
| 005 - DATE AND TIME OF LATEST TRANSACTION | |
| control field | 20080606153132.0 |
| 008 - FIXED-LENGTH DATA ELEMENTS--GENERAL INFORMATION | |
| fixed length control field | 080606t xxu||||| |||| 00| 0 eng d |
| 010 ## - LIBRARY OF CONGRESS CONTROL NUMBER | |
| LC control number | B-265406-417 |
| 020 ## - INTERNATIONAL STANDARD BOOK NUMBER | |
| International Standard Book Number | 9788179634615 |
| Terms of availability | 165.00 |
| 035 ## - SYSTEM CONTROL NUMBER | |
| System control number | B-265406-417 |
| 037 ## - SOURCE OF ACQUISITION | |
| Source of stock number/acquisition | Blue Berry 8.5.08/ 5/ 8.4.08/ 5.6.08 |
| 040 ## - CATALOGING SOURCE | |
| Original cataloging agency | DPL |
| Language of cataloging | EN |
| 082 ## - DEWEY DECIMAL CLASSIFICATION NUMBER | |
| Classification number | S |
| 100 ## - MAIN ENTRY--PERSONAL NAME | |
| Personal name | |
| 245 ## - TITLE STATEMENT | |
| Title | More aesop's fables: |
| Remainder of title | with brilliant illustrations |
| 260 ## - PUBLICATION, DISTRIBUTION, ETC. (IMPRINT) | |
| Place of publication, distribution, etc | Mumbai |
| Name of publisher, distributor, etc | Shree Book Centre |
| Date of publication, distribution, etc | 2007 |
| 270 ## - ADDRESS | |
| City | Mumbai |
| Address | 8, Kakad Industrial Estate, S. Keer Marg, Off L.J. Mart, matunga (W) |
| Postal code | 400016 |
| 300 ## - PHYSICAL DESCRIPTION | |
| Extent | unpaged |
| Other physical details | col. ill. |
| Dimensions | 24 cm (Hb) |
| 490 ## - SERIES STATEMENT | |
| Series statement | Large print |
| 942 ## - ADDED ENTRY ELEMENTS (KOHA) | |
| Source of classification or shelving scheme | Dewey Decimal Classification |
| Koha item type | Children Books |
| Classification part | S |
| Call number suffix | MOR |
| Withdrawn status | Lost status | Damaged status | Not for loan | Collection code | Home library | Current library | Date acquired | Source of acquisition | Cost, normal purchase price | Total Checkouts | Full call number | Barcode | Date last seen | Copy number | Cost, replacement price | Price effective from | Koha item type | Public note | Total Renewals | Date checked out |
|---|---|---|---|---|---|---|---|---|---|---|---|---|---|---|---|---|---|---|---|---|
| Withdrawn | Fiction | Bagh Kadhe Khan | Bagh Kadhe Khan | 16/07/2008 | 165.00 | S / MOR | B-265414 | 15/09/2008 | 1 | 165.00 | 15/09/2008 | Children Books | ||||||||
| Fiction | Bawana | Bawana | 16/07/2008 | 165.00 | S / MOR | B-265416 | 15/09/2008 | 1 | 165.00 | 15/09/2008 | Children Books | |||||||||
| Written off | Fiction | Central Library | Central Library | 06/06/2008 | Blue Berry/ 8.5.08/ 5/ 8.4.08/ 5.6.08 | 165.00 | S / MOR | B-265406 | 15/09/2008 | 1 | 165.00 | 15/09/2008 | Children Books | W/d list no. 6824/22 | ||||||
| Fiction | Jor Bagh (Children Lib) | Jor Bagh (Children Lib) | 16/07/2008 | 165.00 | S / MOR | B-265411 | 15/09/2008 | 1 | 165.00 | 15/09/2008 | Children Books | |||||||||
| Written off | Fiction | Karol Bagh | Karol Bagh | 16/07/2008 | 165.00 | S / MOR | B-265412 | 15/09/2008 | 1 | 165.00 | 15/09/2008 | Children Books | Written off on approval by DLB (By Circulation); dtd 15-06-2023 | |||||||
| Fiction | Kasturba Gandhi Marg | Kasturba Gandhi Marg | 16/07/2008 | 165.00 | 1 | S / MOR | B-265408 | 15/05/2025 | 1 | 165.00 | 15/09/2008 | Children Books | 1 | 22/04/2025 | ||||||
| Fiction | Narela | Narela | 16/07/2008 | 165.00 | S / MOR | B-265415 | 15/09/2008 | 1 | 165.00 | 15/09/2008 | Children Books | |||||||||
| Fiction | New Rohtak Road | New Rohtak Road | 16/07/2008 | 165.00 | S / MOR | B-265413 | 15/09/2008 | 1 | 165.00 | 15/09/2008 | Children Books | |||||||||
| Fiction | Patel Nagar | Patel Nagar | 16/07/2008 | 165.00 | S / MOR | B-265407 | 15/09/2008 | 1 | 165.00 | 15/09/2008 | Children Books | |||||||||
| Fiction | Peshwa Road | Peshwa Road | 16/07/2008 | 165.00 | S / MOR | B-265409 | 15/09/2008 | 1 | 165.00 | 15/09/2008 | Children Books | |||||||||
| Fiction | Sarojini Nagar | Sarojini Nagar | 16/07/2008 | 165.00 | S / MOR | B-265410 | 15/09/2008 | 1 | 165.00 | 15/09/2008 | Children Books | |||||||||
| Fiction | Shahdara Branch | Shahdara Branch | 16/07/2008 | 165.00 | S / MOR | B-265417 | 15/09/2008 | 1 | 165.00 | 15/09/2008 | Children Books | |||||||||
| Fiction | Vinoba Puri | Vinoba Puri | 29/08/2008 | Blueberry/4571/19.8.08/192/21.7.08/19.8.08 | 175.00 | 26 | S MOR | B-284628 | 12/10/2019 | 1 | 175.00 | 15/09/2008 | Children Books | 4 | 21/09/2019 |
